| 000 | 00557nam a22001817a 4500 | ||
|---|---|---|---|
| 005 | 20150324145721.0 | ||
| 010 | _aENG-112195 | ||
| 020 |
_a9789350099582 _c375.00 |
||
| 035 | _aEN-95727 | ||
| 037 | _bDBAD/PUB | ||
| 082 | _a954.0842 | ||
| 100 | _aMatthews, Roderick | ||
| 245 |
_aJinnah vs. Gandhi _cby Roderick Matthews / |
||
| 260 |
_aGurgaon _bHachette Book Publishing _c2014 |
||
| 270 |
_a4th & 5th Floor, Corporate Centre, Plot No.94, Sector -44 _bGurgaon _e122003 |
||
| 300 |
_a330p. _c23cm(pbk) |
||
| 942 |
_2ddc _cEN _mMAT _h954.0842 |
||
| 999 |
_c91506 _d91506 |
||